Những hiểm nguy trong cuộc đời hoạt động của Mao Trạch Đông (Sách tham khảo)

Đã lưu trong:
书目详细资料
主要作者: Tô Bắc
格式: 图书
语言:Undetermined
出版: Hà Nội Chính trị Quốc gia 2003
主题:
标签: 添加标签
没有标签, 成为第一个标记此记录!
Thư viện lưu trữ: Trung tâm Học liệu Trường Đại học Cần Thơ
LEADER 00616nam a2200193Ia 4500
001 CTU_62123
008 210402s9999 xx 000 0 und d
020 |b 98000 
082 |a 895.13081 
082 |b B113 
100 |a Tô Bắc 
245 0 |a Những hiểm nguy trong cuộc đời hoạt động của Mao Trạch Đông (Sách tham khảo) 
245 0 |c Lê Tịnh dịch 
260 |a Hà Nội 
260 |b Chính trị Quốc gia 
260 |c 2003 
650 |a historical fiction, chinese 
904 |i Trúc Phương 
980 |a Trung tâm Học liệu Trường Đại học Cần Thơ